Top 50 Largest Cities in North America - Statistics

General Stats
  • This quiz has been taken 32 times
  • The average score is 25 of 50
Answer Stats
Population Country Answer % Correct
8, 550, 405 United States New York City
100%
2, 731, 571 Canada Toronto
100%
3, 971, 883 United States Los Angeles
96%
1, 704, 694 Canada Montreal
96%
2, 720, 546 United States Chicago
92%
8, 918, 653 Mexico Mexico City
92%
2, 117, 625 Cuba Havana
88%
2, 296, 224 United States Houston
88%
864, 816 United States San Francisco
88%
1, 300, 092 United States Dallas
81%
934, 243 Canada Ottawa
81%
1, 394, 928 United States San Diego
81%
994, 078 Guatemala Guatemala City
77%
1, 239, 220 Canada Calgary
73%
987, 310 Haiti Port-au-Prince
73%
1, 567, 442 United States Philadelphia
69%
1, 563, 025 United States Phoenix
69%
1, 469, 845 United States San Antonio
69%
1, 026, 908 United States San Jose
69%
1, 460, 148 Mexico Guadalajara
65%
1, 048, 134 Nicaragua Managua
65%
1, 007, 997 Dominican Republic Santo Domingo
65%
1, 109, 171 Mexico Monterrey
62%
1, 298, 475 Mexico Tijuana
62%
931, 830 United States Austin
58%
827, 097 United States Charlotte
58%
932, 546 Canada Edmonton
58%
868, 031 United States Jacksonville
58%
1, 190, 230 Honduras Tegucigalpa
54%
853, 173 United States Indianapolis
46%
850, 106 United States Columbus
42%
833, 319 United States Fort Worth
38%
1, 437, 969 Mexico Puebla
38%
1, 349, 224 Mexico Leon
27%
1, 382, 753 Mexico Juarez
23%
892, 363 Mexico Merida
23%
752, 171 Mexico Veracruz
19%
873, 536 Mexico Toluca
15%
742, 118 Honduras San Pedro Sula
12%
867,736 Mexico Chihuahua
8%
1, 677, 678 Mexico Ecatepec de Morelos
8%
785, 942 Mexico Aguascalientes
4%
878, 931 Mexico Queretaro
4%
791, 074 Mexico Saltillo
4%
759, 854 Mexico San Luis Potosi
4%
1, 179, 681 Mexico Zapopan
4%
819,999 Mexico Hermosillo
0%
970, 012 Mexico Naucalpan
0%
1, 039, 867 Mexico Nezahualcoyotl
0%
723, 162 Dominican Republic Santiago de los Caballeros
0%
No matching quizzes found
Score Distribution
Percent of People with Each Score
Percentile by Number Answered
Your Score History
You have not taken this quiz